Кризис: гуманитарные стратегические преодоления (Запись № 1538791)

Подробности
000 -МАРКЕР
контрольное поле 02053nam1a2200337 i 4500
001 - ИДЕНТИФИКАТОР ЗАПИСИ
контрольное поле RU\NLR\bibl\1461866
005 - ИДЕНТИФИКАТОР ВЕРСИИ
контрольное поле 20260407205730.0
035 ## - ДРУГИЕ СИСТЕМНЫЕ НОМЕРА
Идентификатор записи (NLR Aleph) 001453626
100 ## - ДАННЫЕ ОБЩЕЙ ОБРАБОТКИ
Данные общей обработки 20100118g20099999k y0rusy50 ca
101 0# - ЯЗЫК РЕСУРСА
Язык текста, звукозаписи и т.д. русский
102 ## - СТРАНА ПУБЛИКАЦИИ ИЛИ ПРОИЗВОДСТВА
Страна публикации Российская Федерация
105 ## - ПОЛЕ КОДИРОВАННЫХ ДАННЫХ: ТЕКСТОВЫЕ МАТЕРИАЛЫ, МОНОГРАФИЧЕСКИЕ
Кодированные данные о монографическом текстовом документе ||||z |||||
200 1# - ЗАГЛАВИЕ И СВЕДЕНИЯ ОБ ОТВЕТСТВЕННОСТИ
Основное заглавие Кризис: гуманитарные стратегические преодоления
Сведения, относящиеся к заглавию материалы Международной научно-практической конференции молодых ученых
Первые сведения об ответственности [под ред. д.с.н., проф. В.В. Гаврилюк]
210 ## - ПУБЛИКАЦИЯ, РАСПРОСТРАНЕНИЕ И ДР.
Место издания, распространения и т.д. Тюмень
Имя издателя, распространителя и т. д. Изд-во ГОУ ВПО "Тюменский государственный нефтегазовый университет"
Дата издания, распространения и т.д. 2009
215 ## - ФИЗИЧЕСКАЯ ХАРАКТЕРИСТИКА
Размеры 21
300 ## - ОБЩИЕ ПРИМЕЧАНИЯ
Текст примечания В надзаг.: Федер. агентство по образованию, Гос. образоват. учреждение высш. проф. образования "Тюмен. гос. нефтегаз. ун-т", Ин-т гуманит. наук ТюмГНГУ [и др.]
300 ## - ОБЩИЕ ПРИМЕЧАНИЯ
Текст примечания Т. 1 вышел. ненуменр.
463 #0 - УРОВЕНЬ ФИЗИЧЕСКОЙ ЕДИНИЦЫ
Встроенное поле 0011420047
606 1# - НАИМЕНОВАНИЕ ТЕМЫ КАК ПРЕДМЕТ
Наименование темы Экономические кризисы
Формальный подзаголовок Съезды, совещания и т.п.
Хронологический подзаголовок 2008 -
Системный номер авторитетной/нормативной записи 2551644
Идентификатор авторитетной/нормативной записи RU\NLR\auth\661509844
606 1# - НАИМЕНОВАНИЕ ТЕМЫ КАК ПРЕДМЕТ
Наименование темы Гуманитарные науки
Формальный подзаголовок Съезды, совещания и т.п.
Системный номер авторитетной/нормативной записи 2175177
Идентификатор авторитетной/нормативной записи RU\NLR\auth\661308230
686 ## - ИНДЕКСЫ ДРУГИХ КЛАССИФИКАЦИЙ
Индекс У9(2)-971(2Р)я431
686 ## - ИНДЕКСЫ ДРУГИХ КЛАССИФИКАЦИЙ
Индекс У5-971я431
686 ## - ИНДЕКСЫ ДРУГИХ КЛАССИФИКАЦИЙ
Индекс С.я431
702 #1 - ИМЯ ЛИЦА - ВТОРИЧНАЯ ОТВЕТСТВЕННОСТЬ
Начальный элемент ввода Гаврилюк
Часть имени, кроме начального элемента ввода В. В.
Расширение инициалов личного имени Вера Владимировна
Код отношения Редактор
711 12 - НАИМЕНОВАНИЕ ОРГАНИЗАЦИИ - АЛЬТЕРНАТИВНАЯ ОТВЕТСТВЕННОСТЬ
Начальный элемент ввода "Кризис: гуманитарные стратегии преодоления", международная научно-практическая конференция молодых ученых
Место проведения временной организации Тюмень
Дата проведения временной организации 2009
Системный номер авторитетной/нормативной записи 771647
Идентификатор авторитетной/нормативной записи RU\NLR\AUTH\8810138148
801 #0 - ИСТОЧНИК ЗАПИСИ
Страна Российская Федерация
Организация NLR
Дата составления 20100118
Правила каталогизации RCR
801 #1 - ИСТОЧНИК ЗАПИСИ
Страна Российская Федерация
Организация NLR
Дата составления 20100118
852 ## - МЕСТОНАХОЖДЕНИЕ И ШИФР ХРАНЕНИЯ
Идентификатор организации NLR
Шифр хранения (Call Number) 2009-3/31044
942 ## - ДОПОЛНИТЕЛЬНЫЕ ЭЛЕМЕНТЫ ЗАПИСИ (АБИС)
Тип экземпляра АБИС Книга

Нет доступных экземпляров.